Quo vadis nové technológie vo vzdelávaní?
Zavádzanie nových technológií do vzdelávania. Modely vzdelávania a funkcia multimédií. Nový fenomén vo vzdelávaní: e-learning. Smerovanie ďalšieho vývoja nových technológií vo vzdelávaní.
Salvato in:
| Autore principale: | |
|---|---|
| Altri autori: | |
| Natura: | Capitolo di libro |
| Lingua: | slovacco |
| Soggetti: | |
| Tags: |
Nessun Tag, puoi essere il primo ad aggiungerne!!
|
MARC
| LEADER | 00000naa$a2200000$$$4500 | ||
|---|---|---|---|
| 001 | 0078305 | ||
| 005 | 20231114072738.9 | ||
| 041 | 0 | |a slo | |
| 044 | |a SK | ||
| 245 | 1 | 0 | |a Quo vadis nové technológie vo vzdelávaní? |c Alena Hašková, Martin Bílek |
| 520 | |a Zavádzanie nových technológií do vzdelávania. Modely vzdelávania a funkcia multimédií. Nový fenomén vo vzdelávaní: e-learning. Smerovanie ďalšieho vývoja nových technológií vo vzdelávaní. | ||
| 610 | 2 | 0 | |a vzdelávanie elektronické |
| 610 | 2 | 0 | |a multimédiá |
| 610 | 2 | 0 | |a technológie komunikačné |
| 610 | 2 | 0 | |a študenti |
| 100 | 1 | |a Hašková, Alena | |
| 700 | 1 | |a Bílek, Martin | |